5HLuxD.jpg

KING HENRY VIII SENIOR AND PRIMARY SCHOOL LIBRARY OPAC

The atlas of climate change : (Record no. 229)

000 -LEADER
fixed length control field 01229cam a2200361 a 4500
001 - CONTROL NUMBER
control field 5058464
003 - CONTROL NUMBER IDENTIFIER
control field OSt
005 - DATE AND TIME OF LATEST TRANSACTION
control field 20190802083000.0
008 - FIXED-LENGTH DATA ELEMENTS--GENERAL INFORMATION
fixed length control field 100824s2011 enkab 001 0 eng d
015 ## - NATIONAL BIBLIOGRAPHY NUMBER
National bibliography number GBB0A8455
Source bnb
016 7# - NATIONAL BIBLIOGRAPHIC AGENCY CONTROL NUMBER
Record control number 015645069
Source Uk
020 ## - INTERNATIONAL STANDARD BOOK NUMBER
International Standard Book Number 9781849712170 (pbk.)
020 ## - INTERNATIONAL STANDARD BOOK NUMBER
International Standard Book Number 1849712174 (pbk.)
035 ## - SYSTEM CONTROL NUMBER
System control number (OCoLC)663446600
040 ## - CATALOGING SOURCE
Original cataloging agency UKM
Transcribing agency UKM
Modifying agency YDXCP
-- ANL
082 04 - DEWEY DECIMAL CLASSIFICATION NUMBER
Classification number 304.25 DOW
Edition number 22
100 1# - MAIN ENTRY--PERSONAL NAME
Personal name Dow, Kirstin,
Dates associated with a name 1963-
Relator term author
245 14 - TITLE STATEMENT
Title The atlas of climate change :
Remainder of title mapping the world's greatest challenge /
Statement of responsibility, etc. Kirstin Dow and Thomas E. Downing.
250 ## - EDITION STATEMENT
Edition statement 3rd ed.
260 ## - PUBLICATION, DISTRIBUTION, ETC.
Place of publication, distribution, etc. London :
Name of publisher, distributor, etc. Earthscan,
Date of publication, distribution, etc. 2011.
300 ## - PHYSICAL DESCRIPTION
Extent 128 p. :
Other physical details col. ill., col. maps ;
Dimensions 25 cm.
500 ## - GENERAL NOTE
General note Previous ed.: 2006.
504 ## - BIBLIOGRAPHY, ETC. NOTE
Bibliography, etc. note Includes bibliographical references and index.
650 #0 - SUBJECT ADDED ENTRY--TOPICAL TERM
Topical term or geographic name entry element Climatic changes
Form subdivision Atlases.
650 #0 - SUBJECT ADDED ENTRY--TOPICAL TERM
Topical term or geographic name entry element Climatic changes
Form subdivision Maps.
650 #0 - SUBJECT ADDED ENTRY--TOPICAL TERM
Topical term or geographic name entry element Climatic changes
General subdivision Charts, diagrams, etc.
650 #0 - SUBJECT ADDED ENTRY--TOPICAL TERM
Topical term or geographic name entry element Climatic changes
General subdivision Environmental aspects
Form subdivision Atlases.
650 #0 - SUBJECT ADDED ENTRY--TOPICAL TERM
Topical term or geographic name entry element Climatic changes
General subdivision Social aspects
Form subdivision Atlases.
650 #0 - SUBJECT ADDED ENTRY--TOPICAL TERM
Topical term or geographic name entry element Greenhouse effect, Atmospheric
General subdivision Government policy
Form subdivision Atlases.
655 #7 - INDEX TERM--GENRE/FORM
Genre/form data or focus term Atlases.
Source of term lcgft
700 1# - ADDED ENTRY--PERSONAL NAME
Personal name Downing, Thomas E.
942 ## - ADDED ENTRY ELEMENTS (KOHA)
Source of classification or shelving scheme
Koha item type Books - Non Ficton
Holdings
Withdrawn status Lost status Source of classification or shelving scheme Damaged status Not for loan Collection code Permanent Location Current Location Shelving location Date acquired Full call number Barcode Date last seen Price effective from Koha item type
          Non-Fiction KH8 Senior School Library KH8 Senior School Library Non Fiction 2019-08-02 304.25 DOW 3KHSL000100027 2019-08-02 2019-08-02 Books - Non Ficton

Powered By KH8 IT Dept